<?xml version="1.0" encoding="UTF-8"?>
<marc:record xmlns:marc="http://www.loc.gov/MARC21/slim">
   <marc:leader>00000nam a2200000 a 4500</marc:leader>
   <marc:datafield ind1="1" ind2=" " tag="100">
      <marc:subfield code="a">Frehner, Matthias</marc:subfield>
      <marc:subfield code="4">edt</marc:subfield>
      <marc:subfield code="e">Bearbeiter/-in</marc:subfield>
   </marc:datafield>
   <marc:datafield ind1=" " ind2=" " tag="653">
      <marc:subfield code="a">Gurlitt</marc:subfield>
   </marc:datafield>
   <marc:datafield ind1=" " ind2=" " tag="653">
      <marc:subfield code="a">Cornelius</marc:subfield>
   </marc:datafield>
   <marc:datafield ind1=" " ind2=" " tag="653">
      <marc:subfield code="a">Geschichte 1879-1940</marc:subfield>
   </marc:datafield>
   <marc:datafield ind1=" " ind2=" " tag="653">
      <marc:subfield code="a">Kunst</marc:subfield>
   </marc:datafield>
   <marc:datafield ind1=" " ind2=" " tag="653">
      <marc:subfield code="a">Moderne</marc:subfield>
   </marc:datafield>
   <marc:datafield ind1=" " ind2=" " tag="653">
      <marc:subfield code="a">Erwerbung</marc:subfield>
   </marc:datafield>
   <marc:datafield ind1=" " ind2=" " tag="653">
      <marc:subfield code="a">Entartete Kunst</marc:subfield>
   </marc:datafield>
   <marc:datafield ind1=" " ind2=" " tag="653">
      <marc:subfield code="a">Provenienzforschung</marc:subfield>
   </marc:datafield>
   <marc:datafield ind1=" " ind2=" " tag="653">
      <marc:subfield code="a">Sammlung</marc:subfield>
   </marc:datafield>
   <marc:datafield ind1=" " ind2=" " tag="653">
      <marc:subfield code="a">"entarteter Künstler"</marc:subfield>
   </marc:datafield>
   <marc:datafield ind1=" " ind2=" " tag="653">
      <marc:subfield code="a">Ernst Ludwig Kirchner</marc:subfield>
   </marc:datafield>
   <marc:datafield ind1=" " ind2=" " tag="653">
      <marc:subfield code="a">Kunstmuseum Bern</marc:subfield>
   </marc:datafield>
   <marc:datafield ind1=" " ind2=" " tag="653">
      <marc:subfield code="a">Otto Dix</marc:subfield>
   </marc:datafield>
   <marc:datafield ind1=" " ind2=" " tag="653">
      <marc:subfield code="a">Paul Klee</marc:subfield>
   </marc:datafield>
   <marc:datafield ind1=" " ind2=" " tag="653">
      <marc:subfield code="a">Softcover / Kunst</marc:subfield>
   </marc:datafield>
   <marc:datafield ind1=" " ind2=" " tag="653">
      <marc:subfield code="a">Ausstellungskatalog</marc:subfield>
   </marc:datafield>
   <marc:datafield ind1=" " ind2=" " tag="653">
      <marc:subfield code="a">Bildband</marc:subfield>
   </marc:datafield>
   <marc:datafield ind1="0" ind2="0" tag="245">
      <marc:subfield code="a">Modern masters</marc:subfield>
   </marc:datafield>
   <marc:datafield ind1="0" ind2="0" tag="245">
      <marc:subfield code="b">"degenerate" art at the Kunstmuseum Bern</marc:subfield>
   </marc:datafield>
   <marc:datafield ind1="0" ind2="0" tag="245">
      <marc:subfield code="c">edited by Matthias Frehner and Daniel Spanke</marc:subfield>
   </marc:datafield>
   <marc:datafield ind1=" " ind2="1" tag="264">
      <marc:subfield code="a">Munich</marc:subfield>
      <marc:subfield code="b">Prestel</marc:subfield>
   </marc:datafield>
   <marc:datafield ind1="1" ind2=" " tag="520">
      <marc:subfield code="a">Angaben aus der Verlagsmeldung

Moderne Meister : „Entartete" Kunst im Kunstmuseum Bern

Das Kunstmuseum Bern verfügt über eine hochkarätige Sammlung Klassischer Moderne. Erstmals steht nun ihre Erwerbungsgeschichte im Mittelpunkt. Was in Deutschland zwischen 1933 und 1945 als „entartete“ Kunst offiziell als wertlos galt, war in der Schweiz als Moderne Meister begehrt und geschätzt. Auf der Auktion Moderne Meister aus deutschen Museen der Galerie Fischer in Luzern 1939 kaufte auch das Kunstmuseum Bern. Das Buch beschäftigt sich mit dem Thema „Entartete“ Kunst, ihrer Entsammlung aus deutschen Museen und ihrer Diffamierung in Deutschland, mit der Veräußerung dieser entsammelten Werke über Händler in der Schweiz sowie mit dem Schicksal von drei deutschen Künstlern der Sammlung, die in enger biografischer Beziehung zur Schweiz standen: Paul Klee, Ernst Ludwig Kirchner und Otto Dix. Da die Avantgarde in der Schweiz ebenfalls nicht unumstritten war, wird auch die Kunst der „Geistigen Landesverteidigung“ der Schweiz einbezogen, die sich gegen den Ungeist des diktatorischen und militärisch aggressiven Deutschlands richtete. Die Sammlergeschichten und Proveniencen der Werke Moderner Meister im Kunstmuseum Bern werden im Katalog aufgezeigt und gewürdigt.
</marc:subfield>
   </marc:datafield>
   <marc:datafield ind1=" " ind2=" " tag="020">
      <marc:subfield code="a">9783791355368</marc:subfield>
      <marc:subfield code="9">9783791355368</marc:subfield>
   </marc:datafield>
   <marc:datafield ind1=" " ind2=" " tag="020">
      <marc:subfield code="a">3791355368</marc:subfield>
      <marc:subfield code="9">3791355368</marc:subfield>
   </marc:datafield>
   <marc:datafield ind1=" " ind2=" " tag="041">
      <marc:subfield code="a">eng</marc:subfield>
   </marc:datafield>
   <marc:datafield ind1=" " ind2=" " tag="300">
      <marc:subfield code="a">376 Seiten</marc:subfield>
   </marc:datafield>
</marc:record>
